00889nam a22002297a 4500999001700000003000900017008004100026040007100067082002100138100002100159245003300180260003500213300002700248505016400275650001900439650001700458650002100475700004100496942001600537945001100553952009500564 c20036d20036AR-CdUCM190524b ||||| |||| 00| 0 spa d aMUNICIPALIDAD PROVINCIAL DEL CUSCOcBIBLIOTECA MUNICIPAL DEL CUSCO a379 /bW6422ed, aWickert, Richard aHistoria de la educación / aBUenos Aires :bLosada,c1947. a313 páginas.c20 cm. aContenido: La educación en la antigüedad griega y romana -- La educación cristiana de la edad media -- La educación del renacimiento y de la reforma... aHistoria 9246 aGrecia92521 aVoluntad 923889 aLuzuriaga, Lorenzo (traductor)99920 2ddccLIBROS aJavier 002ddc4070aSHbSHcCARTd2019-05-24g20.00o379 / W64pSH0000015298r2019-05-24yLIBROS